000 02188cam a2200361 4500500
005 20260208005245.0
041 _afre
042 _adc
100 1 0 _aDe Franceschi, Sylvio Hermann
_eauthor
245 0 0 _aAmbiguïtés historiographiques du théologico-politique
260 _c2007.
500 _a67
520 _aRÉSUMÉ Le présent article tente de déterminer les principales étapes par lesquelles le concept de théologico-politique s’est imposé dans l’historiographie au cours du XXe siècle. Si l’œuvre de Carl Schmitt est évidemment essentielle, une grande attention a été également portée à la polémique autour de la notion d’augustinisme politique, animée par Henri-Xavier Arquillière et dont Jacques Maritain a tiré les leçons. On observe enfin un nouvel essor du concept théologico-politique après la diffusion de la nouvelle théologie politique incarnée par Johannes-Baptist Metz.
520 _aABSTRACT The present essay aims at specifying the main stages through wich the theologico-political concept became essential in the European historiography during the 20th Century. If the works of Carl Schmitt are fundamental, the French discussion about the legitimacy of the notion of a political augustinism is also crucial – Henri-Xavier Arquillière and Jacques Maritain were its main exponents. Finally, the importance of the theologico-political concept grew after the irruption of Johannes-Baptist Metz’s new political theology.
690 _aaugustinisme politique
690 _aCarl Schmitt
690 _aEurope
690 _ahistoriographie
690 _aJacques Maritain
690 _aJohannes-Baptist Metz
690 _athéologico-politique
690 _aXXe siècle
690 _a20th Century
690 _aCarl Schmitt
690 _aEurope
690 _aHistoriography
690 _aJacques Maritain
690 _aJohannes-Baptist Metz
690 _aPolitical Augustinism
690 _aTheologico-Political
786 0 _nRevue historique | 643 | 3 | 2007-11-01 | p. 653-685 | 0035-3264
856 4 1 _uhttps://shs.cairn.info/revue-historique-2007-3-page-653?lang=fr&redirect-ssocas=7080
999 _c1651307
_d1651307